[Event "BL 0102 (Women)"]
[Site "Germany"]
[Date "2001.10.27"]
[Round "1.4"]
[White "Didenko, Ljudmila"]
[Black "Heyme, Sibylle"]
[Result "1/2-1/2"]
[WhiteElo "2016"]
[BlackElo "2115"]
[PlyCount "86"]
[EventDate "2001.10.27"]
[EventType "team-tourn"]
[EventRounds "11"]
[EventCountry "GER"]
[SourceTitle "EXT 2003"]
[Source "ChessBase"]
[SourceDate "2002.11.25"]
[SourceVersion "1"]
[SourceVersionDate "2002.11.25"]
[SourceQuality "1"]
[WhiteTeam "Holsterhausen"]
[BlackTeam "Berlin Rotation"]
[WhiteTeamCountry "GER"]
[BlackTeamCountry "GER"]

1. d4 Nf6 2. Nf3 g6 3. Bg5 Bg7 4. Nbd2 d5 5. e3 0-0 6. Bd3 Nbd7 7. h3 c5 8. c3 b6 9. 0-0 Bb7 10. Qb1 Re8 11. Ne5 Nxe5 12. dxe5 Nd7 13. f4 f6 14. e6 Nf8 15. Bh4 Bc8 16. Bb5 Bxe6 17. Bxe8 Qxe8 18. Qd3 Rd8 19. Rad1 f5 20. Nf3 h6 21. Qe2 Rd6 22. Ne5 Nd7 23. Qb5 a6 24. Qxa6 Nxe5 25. fxe5 Bxe5 26. Qb7 g5 27. Bf2 g4 28. hxg4 fxg4 29. Bh4 Rd7 30. Qxb6 Qg6 31. Qxc5 g3 32. Rd4 Qh5 33. Rf3 Bg4 34. Qc8+ Kh7 35. Rxg4 Qxg4 36. Bxg3 Bxg3 37. Rxg3 Qxg3 38. Qxd7 Qxe3+ 39. Kf1 Qc1+ 40. Kf2 Qxb2+ 41. Kg1 Qc1+ 42. Kh2 Qf4+ 43. g3 Qe5 1/2-1/2

[Event "BL 0001 (Women)"]
[Site "Germany"]
[Date "2000.??.??"]
[Round "3.5"]
[White "Didenko, Ljudmila"]
[Black "Daemering, Katrin"]
[Result "1/2-1/2"]
[WhiteElo "2025"]
[BlackElo "2181"]
[PlyCount "76"]
[EventDate "2000.10.??"]
[EventType "team-tourn"]
[EventRounds "11"]
[EventCountry "GER"]
[SourceTitle "CBM 082 Extra"]
[Source "ChessBase"]
[SourceDate "2001.07.03"]
[SourceVersion "1"]
[SourceVersionDate "2001.07.03"]
[SourceQuality "1"]
[WhiteTeam "Holsterhausen (W)"]
[BlackTeam "Leipzig VGG (W)"]
[WhiteTeamCountry "GER"]
[BlackTeamCountry "GER"]

1. d4 Nf6 2. Nf3 g6 3. Bg5 Bg7 4. Nbd2 d6 5. e4 0-0 6. Bc4 h6 7. Be3 Nc6 8. c3 Ng4 9. Qe2 a6 10. h4 Nxe3 11. Qxe3 e6 12. e5 Ne7 13. 0-0-0 b5 14. Bb3 Bb7 15. Ne4 Bxe4 16. Qxe4 d5 17. Qd3 Rc8 18. h5 c5 19. Bc2 cxd4 20. Nxd4 Qe8 21. f4 Nf5 22. Nxf5 gxf5 23. g4 f6 24. gxf5 fxe5 25. fxe6 Rxf4 26. Qh7+ Kf8 27. Rhg1 Rc7 28. Rxd5 Re7 29. Rgd1 Bf6 30. Qxh6+ Rg7 31. e7+ Qxe7 32. Rd8+ Qxd8 33. Rxd8+ Bxd8 34. Bg6 Bf6 35. Qh8+ Rg8 36. Qh7 Rg7 37. Qh8+ Rg8 38. Qh6+ Rg7 1/2-1/2

[Event "BL 9899 (Women)"]
[Site "Germany"]
[Date "1999.01.16"]
[Round "7.4"]
[White "Didenko, Ljudmila"]
[Black "Zahn, Nicol"]
[Result "0-1"]
[WhiteElo "2025"]
[BlackElo "2095"]
[PlyCount "84"]
[EventDate "1998.10.24"]
[EventType "team-tourn"]
[EventRounds "11"]
[EventCountry "GER"]
[SourceTitle "GER-chT"]
[Source "ChessBase"]
[SourceDate "1999.07.01"]
[SourceVersion "1"]
[SourceVersionDate "1999.07.01"]
[SourceQuality "1"]
[WhiteTeam "Holsterhausen"]
[BlackTeam "Hofheim"]
[WhiteTeamCountry "GER"]
[BlackTeamCountry "GER"]

1. d4 f5 2. Bg5 d6 3. e3 Nd7 4. Bc4 Ndf6 5. Nf3 e6 6. h4 h6 7. Bf4 g6 8. c3 Nd5 9. Nbd2 Ngf6 10. Qe2 Bd7 11. Bh2 Nb6 12. Bd3 Qe7 13. e4 Ng4 14. 0-0-0 0-0-0 15. Bg3 Qf7 16. e5 d5 17. Ne1 h5 18. f3 Nh6 19. Bf4 c5 20. dxc5 Bxc5 21. Nb3 Qf8 22. Bg5 Re8 23. Na5 Kb8 24. Bb5 Qf7 25. Nb3 Rc8 26. Bxd7 Qxd7 27. Bxh6 Rxh6 28. Nxc5 Rxc5 29. Qe3 Qb5 30. Qxh6 Na4 31. Qf8+ Rc8 32. Qd6+ Ka8 33. Nd3 Nxc3 34. bxc3 Rxc3+ 35. Kd2 Qxd3+ 36. Ke1 Qe3+ 37. Kf1 a6 38. Re1 Qd3+ 39. Kg1 Qd4+ 40. Kh2 Qxh4+ 41. Kg1 Qxe1+ 42. Kh2 Qh4+ 0-1

[Event "BL 9899 (Women)"]
[Site "Germany"]
[Date "1998.10.24"]
[Round "1.4"]
[White "De Mie, Mariska"]
[Black "Didenko, Ljudmila"]
[Result "1-0"]
[WhiteElo "2110"]
[BlackElo "2025"]
[PlyCount "163"]
[EventDate "1998.10.24"]
[EventType "team-tourn"]
[EventRounds "11"]
[EventCountry "GER"]
[SourceTitle "GER-chT"]
[Source "ChessBase"]
[SourceDate "1999.07.01"]
[SourceVersion "1"]
[SourceVersionDate "1999.07.01"]
[SourceQuality "1"]
[WhiteTeam "Krefeld"]
[BlackTeam "Holsterhausen"]
[WhiteTeamCountry "GER"]
[BlackTeamCountry "GER"]

1. e4 d5 2. exd5 Qxd5 3. Nc3 Qa5 4. d4 Nf6 5. Bc4 Bg4 6. f3 Bh5 7. Nge2 Nc6 8. Bd2 0-0-0 9. Nb5 Qb6 10. Nec3 Nxd4 11. Nxd4 Qxd4 12. Qe2 e6 13. Be3 Qe5 14. Bxa7 Qa5 15. Bf2 Nd5 16. 0-0 Nxc3 17. bxc3 Qxc3 18. Rab1 Bg6 19. Rfd1 Bd6 20. Qf1 Bb4 21. Be1 Rxd1 22. Rxd1 Bc5+ 23. Kh1 Qe3 24. Bh4 Qf4 25. Bg3 Qe3 26. Re1 Qd2 27. Re2 Qd4 28. Bb3 Rd8 29. Bf2 Qc3 30. Bxc5 Qxc5 31. h3 Qc3 32. Qf2 h5 33. Qa7 Rd1+ 34. Kh2 Qd4 35. Qa8+ Kd7 36. Qxb7 Qd6+ 37. g3 h4 38. Qb5+ Ke7 39. Qg5+ f6 40. Qxh4 Qc5 41. Rg2 Qc3 42. Qg4 Kf7 43. Qxe6+ Kf8 44. Qg8+ Ke7 45. Qxg7+ Kd6 46. Qxg6 Qa1 47. Rg1 Rxg1 48. Qd3+ Kc6 49. Ba4+ Kb7 50. Qb5+ Kc8 51. Qe8+ Kb7 52. Bc6+ Kb6 53. Qe3+ Kxc6 54. Qxg1 Qxa2 55. Qd1 Qe6 56. h4 f5 57. Qd2 Qe5 58. h5 f4 59. Qxf4 Qxh5+ 60. Kg2 Qc5 61. Qe4+ Kb6 62. g4 Qc3 63. Qd3 Qe5 64. Qd2 c5 65. g5 Kb5 66. g6 c4 67. Qd7+ Kb4 68. g7 Qe2+ 69. Kg3 Qe1+ 70. Kf4 Qh4+ 71. Qg4 Qf6+ 72. Kg3 Qe5+ 73. f4 Qe1+ 74. Kh2 Qf2+ 75. Kh3 Qe3+ 76. Kh4 Qe7+ 77. Qg5 Qe1+ 78. Kh5 Qe2+ 79. Kh6 Qe6+ 80. Kh7 Qe4+ 81. f5 Qh1+ 82. Qh6 1-0

[Event "BL 9798 (Women)"]
[Site "Germany"]
[Date "1997.??.??"]
[Round "?.4"]
[White "Didenko, Ljudmila"]
[Black "Fuchs, Antje"]
[Result "1-0"]
[WhiteElo "2025"]
[BlackElo "2105"]
[PlyCount "69"]
[EventDate "1997.10.??"]
[EventType "team-tourn"]
[EventRounds "11"]
[EventCountry "GER"]
[SourceTitle "EXT 1999"]
[Source "ChessBase"]
[SourceDate "1998.11.16"]
[SourceVersion "1"]
[SourceVersionDate "1998.11.16"]
[SourceQuality "1"]
[WhiteTeam "Holsterhausen"]
[BlackTeam "Gera"]
[WhiteTeamCountry "GER"]
[BlackTeamCountry "GER"]

1. d4 Nf6 2. Nf3 g6 3. Bg5 Ne4 4. Bf4 Bg7 5. Nbd2 d5 6. c3 Nd6 7. Qb3 c6 8. Be5 f6 9. Bg3 Nd7 10. Bxd6 exd6 11. e4 Qe7 12. 0-0-0 dxe4 13. Nxe4 d5 14. Ned2 0-0 15. Bd3 b5 16. h4 a5 17. h5 g5 18. Rde1 Qf7 19. Qc2 Bh8 20. Bg6 Qg7 21. Bf5 Nb6 22. Be6+ Bxe6 23. Rxe6 Qd7 24. Rhe1 Rae8 25. Qf5 b4 26. Nb3 bxc3 27. bxc3 Nc4 28. Nc5 Qf7 29. Nxg5 fxg5 30. Qxg5+ Bg7 31. h6 Rb8 32. Re7 Qf6 33. Qxg7+ Qxg7 34. Rxg7+ Kh8 35. Ree7 1-0

[Event "BL 9798 (Women)"]
[Site "Germany"]
[Date "1997.??.??"]
[Round "?.5"]
[White "Didenko, Ljudmila"]
[Black "Seidemann, Ulricke"]
[Result "1/2-1/2"]
[WhiteElo "2025"]
[BlackElo "2075"]
[PlyCount "65"]
[EventDate "1997.10.??"]
[EventType "team-tourn"]
[EventRounds "11"]
[EventCountry "GER"]
[SourceTitle "EXT 1999"]
[Source "ChessBase"]
[SourceDate "1998.11.16"]
[SourceVersion "1"]
[SourceVersionDate "1998.11.16"]
[SourceQuality "1"]
[WhiteTeam "Holsterhausen"]
[BlackTeam "Krefeld"]
[WhiteTeamCountry "GER"]
[BlackTeamCountry "GER"]

1. d4 Nf6 2. Nf3 d5 3. Bf4 c5 4. e3 Nc6 5. c3 Bg4 6. Qb3 Qc8 7. Ne5 c4 8. Qa4 Bf5 9. b3 Bxb1 10. Rxb1 Ne4 11. Rc1 f6 12. Nxc6 Qxc6 13. Qxc6+ bxc6 14. bxc4 g5 15. Bc7 Kd7 16. Ba5 e6 17. cxd5 exd5 18. Bd3 Rb8 19. 0-0 Ba3 20. Bxe4 dxe4 21. Rb1 Rb5 22. Rxb5 cxb5 23. Rb1 a6 24. f3 exf3 25. gxf3 Rc8 26. Rb3 Bd6 27. Bb4 Bxb4 28. cxb4 Rc1+ 29. Kf2 Rc2+ 30. Kg3 Rxa2 31. e4 h5 32. h4 Rd2 33. d5 1/2-1/2

[Event "BL 9798 (Women)"]
[Site "Germany"]
[Date "1997.??.??"]
[Round "?.4"]
[White "Kube, Hannelore"]
[Black "Didenko, Ljudmila"]
[Result "1/2-1/2"]
[WhiteElo "2050"]
[BlackElo "2025"]
[PlyCount "35"]
[EventDate "1997.10.??"]
[EventType "team-tourn"]
[EventRounds "11"]
[EventCountry "GER"]
[SourceTitle "EXT 1999"]
[Source "ChessBase"]
[SourceDate "1998.11.16"]
[SourceVersion "1"]
[SourceVersionDate "1998.11.16"]
[SourceQuality "1"]
[WhiteTeam "Weimar"]
[BlackTeam "Holsterhausen"]
[WhiteTeamCountry "GER"]
[BlackTeamCountry "GER"]

1. c4 e5 2. Nc3 Nf6 3. Nf3 d6 4. d4 Nbd7 5. g3 g6 6. Bg2 Bg7 7. 0-0 0-0 8. h3 Re8 9. dxe5 dxe5 10. Be3 h6 11. Rc1 c6 12. b4 Nb6 13. Qxd8 Rxd8 14. Nxe5 Nh5 15. c5 Bxe5 16. cxb6 axb6 17. Bxb6 Rd2 18. Be3 1/2-1/2

[Event "Ruhrgebiet VK2 9798"]
[Site "Ruhrgebiet"]
[Date "1997.??.??"]
[Round "?"]
[White "Lehmann, Holger"]
[Black "Didenko, Ljudmila"]
[Result "1-0"]
[WhiteElo "2155"]
[BlackElo "2025"]
[PlyCount "134"]
[EventDate "1997.??.??"]
[EventType "team"]
[EventRounds "9"]
[EventCountry "GER"]
[SourceTitle "EXT 2002"]
[Source "ChessBase"]
[SourceDate "2001.11.25"]
[SourceVersion "1"]
[SourceVersionDate "2001.11.25"]
[SourceQuality "1"]

1. d4 Nf6 2. c4 g6 3. Nc3 Bg7 4. e4 d6 5. h3 Nbd7 6. Bg5 e5 7. d5 h6 8. Be3 Nc5 9. Qc2 a5 10. Nge2 0-0 11. g4 h5 12. f3 Nh7 13. gxh5 Qh4+ 14. Bf2 Qxh5 15. Ng3 Qxf3 16. Be2 Qf4 17. h4 f5 18. Nf1 fxe4 19. Be3 Nd3+ 20. Bxd3 exd3 21. Qxd3 Bf5 22. Qe2 Qg4 23. Qxg4 Bxg4 24. Rg1 Nf6 25. Ne4 Bf5 26. Ng5 Ng4 27. Bd2 e4 28. Bc3 Bxc3+ 29. bxc3 Ne5 30. Ne3 Nf3+ 31. Nxf3 exf3 32. Kf2 Rae8 33. Rad1 Kh7 34. Rd4 Re4 35. Rg5 Rxd4 36. cxd4 Bd3 37. Rg3 Be2 38. Rg4 b6 39. Re4 Kg7 40. c5 bxc5 41. dxc5 dxc5 42. Ra4 Ra8 43. Ra3 c4 44. Rc3 Rd8 45. Nxc4 Rxd5 46. Ne3 Rd7 47. Ng4 Bd1 48. Rc1 a4 49. Ke3 Re7+ 50. Kf2 Re2+ 51. Kxf3 Rd2+ 52. Ke3 Rd7 53. Ne5 Re7 54. Kf4 Bh5 55. Rc6 Kh7 56. a3 Be2 57. Nxg6 Rf7+ 58. Kg5 Bd3 59. Nf4 Rd7 60. Kf6 Bb5 61. Rc5 c6 62. Rh5+ Kg8 63. Rg5+ Kh7 64. Rg3 Bc4 65. Rc3 Rf7+ 66. Ke5 Bd5 67. h5 Kh6 1-0